Città d'Italia - Modena, Emilia Romagna - Statistics

Statistiche generali
  • Questo quiz è stato fatto 113 volte
  • Il punteggio medio è 10 su 30
Risposte nella Mappa
Le risposte nella mappa del quiz sottostante sono codificate secondo una scala di colori dal rosso al verde in base alla % di persone che hanno risposto correttamente.
 
Statistiche sulle risposte
Risposta % Corretto
Modena
89%
Carpi
80%
Sassuolo
75%
Maranello
49%
Mirandola
49%
Vignola
48%
Formigine
46%
Castelfranco Emilia
44%
Pavullo
39%
Castelvetro di Modena
37%
Finale Emilia
37%
Spilamberto
37%
Zocca
37%
Castelnuovo
35%
Fanano
35%
Nonantola
34%
Soliera
30%
Serramazzoni
25%
San Prospero
23%
Cavezzo
21%
Fiumalbo
21%
Guiglia
17%
Ravarino
17%
Montese
15%
Lama Mocogno
14%
Massa Finalese
13%
Prignano sul Secchia
11%
San Damaso
11%
San Possidonio
11%
Montefiorano
1%
Nessun quiz corrispondente trovato
Distribuzione punteggi
Percentuale di utenti per punteggio
Percentile per numero di risposta
I tuoi punteggi nel tempo
Non hai fatto questo quiz